000
00195 a2200097 4500
020
_a
9780439853156
041
_a
spa
100
_a
Osti Roberto
245
_a
Porque aullan los lobos
942
_c
BK
999
_c
16394
_d
16394